[Event "ODJM B 2019"]
[Site "Willingen GER"]
[Date "2019.06.11"]
[Round "4"]
[White "Schneble, Milan"]
[Black "Reuter, Max"]
[Result "0-1"]
[Termination "normal"]
[Board "34"]
[WhiteElo "1425"]
[BlackElo "1545"]
[PlyCount "40"]
[WhiteFideId "16266102"]
[BlackFideId "16263715"]
[EventCountry "GER"]
[EventRounds "9"]
[EventType "swiss"]
[EventDate "2019.06.08"]

1. e4 c5 2. c4 Nc6 3. Nc3 g6 4. g3 Bg7 5. Nge2 Ne5 6. Ng1 d6 7. d3 Bd7 8. Bg2
Nf6 9. Nge2 O-O 10. Be3 Rb8 11. O-O a6 12. f4 Nfg4 13. Qd2 Nxe3 14. Qxe3 Ng4
15. Qd2 b5 16. b3 b4 17. Rab1 bxc3 18. Nxc3 Bd4+ 19. Kh1 Qa5 20. Rbc1 Be3 0-1

[Event "ODJM B 2019"]
[Site "Willingen GER"]
[Date "2019.06.11"]
[Round "4"]
[White "Stepanov, Maximilian"]
[Black "Halle, Julia"]
[Result "0-1"]
[Termination "normal"]
[Board "35"]
[WhiteElo "1615"]
[BlackElo "1634"]
[PlyCount "144"]
[WhiteFideId "16244680"]
[BlackFideId "24694940"]
[EventCountry "GER"]
[EventRounds "9"]
[EventType "swiss"]
[EventDate "2019.06.08"]

1. d4 Nf6 2. Nf3 d5 3. c4 e6 4. Nc3 Be7 5. Bf4 O-O 6. e3 c6 7. h3 Nbd7 8. c5 b6
9. b4 bxc5 10. bxc5 Qa5 11. Qd2 Bd8 12. Bd3 Ba6 13. O-O Bxd3 14. Qxd3 Bc7 15.
Bxc7 Qxc7 16. Rab1 e5 17. Qa6 exd4 18. exd4 Rab8 19. a3 Rxb1 20. Rxb1 Rb8 21.
Rxb8+ Nxb8 22. Qa4 h6 23. Na2 Ne4 24. Nb4 f6 25. Na6 Nxa6 26. Qxa6 Kf7 27. Kf1
Ke6 28. Ke2 h5 29. a4 g5 30. Ne1 Kf5 31. Qd3 Ke6 32. Qe3 Qf4 33. Qxf4 gxf4 34.
a5 Kf5 35. Nd3 Nc3+ 36. Kf3 Nb5 37. Nxf4 Nxd4+ 38. Ke3 Nb3 39. Nd3 Nxa5 40. Nb4
Nc4+ 41. Kd4 Ne5 42. g3 a5 43. Na2 Nf3+ 44. Ke3 Ng5 45. h4 Ne4 46. Nc1 Nxc5 47.
f3 a4 48. Kd4 Nb3+ 49. Nxb3 axb3 50. Kc3 b2 51. Kxb2 d4 52. Kc2 c5 53. Kd3 Ke5
54. Kc4 f5 55. Kd3 f4 56. g4 hxg4 57. fxg4 f3 58. h5 c4+ 59. Kd2 c3+ 60. Ke1
f2+ 61. Kxf2 c2 62. h6 c1=Q 63. h7 Qc2+ 64. Kg3 Qxh7 65. g5 d3 66. g6 Qxg6+ 67.
Kf3 Qe4+ 68. Kg3 d2 69. Kf2 d1=R 70. Kg3 Rf1 71. Kh2 Qg6 72. Kh3 Rh1# 0-1

[Event "ODJM B 2019"]
[Site "Willingen GER"]
[Date "2019.06.11"]
[Round "4"]
[White "Linnemann, Caspar"]
[Black "Hoppe, Nico"]
[Result "1/2-1/2"]
[Termination "normal"]
[Board "36"]
[WhiteElo "1239"]
[BlackElo "1692"]
[PlyCount "88"]
[WhiteFideId "16200284"]
[BlackFideId "16225520"]
[EventCountry "GER"]
[EventRounds "9"]
[EventType "swiss"]
[EventDate "2019.06.08"]

1. e4 c6 2. d4 d5 3. exd5 cxd5 4. Bd3 Nc6 5. c3 Qc7 6. Ne2 Bg4 7. f3 Bd7 8. Bf4
e5 9. dxe5 Nxe5 10. Bxe5 Qxe5 11. Nd2 Nf6 12. Qb3 Bc6 13. O-O-O Bc5 14. Ng3 O-O
15. Rde1 Qd6 16. Nf5 Qc7 17. g4 Rfe8 18. h4 Qf4 19. h5 g6 20. hxg6 hxg6 21. Nh4
Rxe1+ 22. Rxe1 Be3 23. Qc2 Re8 24. Ng2 Bxd2+ 25. Qxd2 Qxd2+ 26. Kxd2 Rxe1 27.
Nxe1 Nd7 28. f4 Nc5 29. b4 Ne4+ 30. Kc2 Ba4+ 31. Kb2 Nf2 32. g5 Nd1+ 33. Ka3
Nxc3 34. Nf3 Bc6 35. Nd4 Ne4 36. Bc2 Nc3 37. Kb3 Nb5 38. Ne2 Nd6 39. Kc3 Bb5
40. Nd4 Bc4 41. a4 a6 42. Nf3 Kf8 43. Ne5 Ke7 44. Kd4 b6 1/2-1/2

[Event "ODJM B 2019"]
[Site "Willingen GER"]
[Date "2019.06.11"]
[Round "4"]
[White "Kamleiter, Noah"]
[Black "Rabe, Maximilian"]
[Result "0-1"]
[Termination "normal"]
[Board "37"]
[WhiteElo "1457"]
[BlackElo "1628"]
[PlyCount "60"]
[WhiteFideId "16265815"]
[BlackFideId "12982911"]
[EventCountry "GER"]
[EventRounds "9"]
[EventType "swiss"]
[EventDate "2019.06.08"]

1. e4 a6 2. d4 b5 3. a3 Bb7 4. Nc3 Nf6 5. Bd3 e6 6. Qe2 c5 7. Nf3 c4 8. Bxc4
bxc4 9. e5 Nd5 10. Qxc4 Be7 11. Bd2 O-O 12. O-O Qc7 13. Qxc7 Nxc7 14. Na4 Bxf3
15. gxf3 Nc6 16. Nb6 Ra7 17. Nxd7 Rd8 18. Nb6 Nxd4 19. Be3 Nxf3+ 20. Kg2 Nh4+
21. Kh1 Rb7 22. Nc4 Nd5 23. Bd2 Nf3 24. Rab1 Nxd2 25. Nxd2 Ne3 26. fxe3 Rxd2
27. b4 Rc7 28. c4 Rxc4 29. Rbc1 Rxc1 30. Rxc1 Rd3 0-1

[Event "ODJM B 2019"]
[Site "Willingen GER"]
[Date "2019.06.11"]
[Round "4"]
[White "Seliokaite, Ana"]
[Black "Ewerhardy, Moritz"]
[Result "1/2-1/2"]
[Termination "normal"]
[Board "38"]
[WhiteElo "1464"]
[BlackElo "1654"]
[PlyCount "47"]
[WhiteFideId "16224817"]
[BlackFideId "36052086"]
[EventCountry "GER"]
[EventRounds "9"]
[EventType "swiss"]
[EventDate "2019.06.08"]

1. c4 Nf6 2. Nc3 g6 3. e4 d6 4. g3 Bg7 5. Bg2 O-O 6. Nge2 c5 7. d3 Nc6 8. O-O
a6 9. a3 Bd7 10. Rb1 Nd4 11. h3 Rb8 12. b4 b6 13. Nxd4 cxd4 14. Ne2 Ne8 15. f4
f5 16. Bb2 e5 17. exf5 Bxf5 18. Bd5+ Kh8 19. g4 Bc8 20. Qe1 Bb7 21. Bg2 Bxg2
22. Kxg2 Rb7 23. Qg3 Rbf7 24. Rf3 1/2-1/2

[Event "ODJM B 2019"]
[Site "Willingen GER"]
[Date "2019.06.11"]
[Round "4"]
[White "Abou Wally, Adrian"]
[Black "Grunert, Wilhelm"]
[Result "0-1"]
[Termination "normal"]
[Board "39"]
[WhiteElo "1342"]
[BlackElo "1749"]
[PlyCount "110"]
[WhiteFideId "16245113"]
[BlackFideId "12995673"]
[EventCountry "GER"]
[EventRounds "9"]
[EventType "swiss"]
[EventDate "2019.06.08"]

1. e4 c5 2. Nc3 Nc6 3. Bb5 g6 4. Bxc6 dxc6 5. Nf3 Bg7 6. O-O Nf6 7. d3 O-O 8.
Be3 b6 9. h3 Be6 10. Qd2 Rc8 11. Bh6 Qc7 12. Bxg7 Kxg7 13. Ng5 Qd7 14. f4 Bc4
15. Qe3 Ba6 16. Ne2 h6 17. Nf3 c4 18. Ne5 Qe6 19. Nd4 Qd6 20. Nxc4 Bxc4 21.
dxc4 Rfd8 22. c3 e5 23. Nb3 Re8 24. Rae1 Qe6 25. fxe5 Qxe5 26. Qf4 g5 27. Qxe5
Rxe5 28. Nd2 Rce8 29. Rf2 Nxe4 30. Rfe2 f5 31. Nxe4 Rxe4 32. Rxe4 Rxe4 33. Rxe4
fxe4 34. Kf2 Kf6 35. g4 a6 36. b3 a5 37. a3 b5 38. cxb5 cxb5 39. a4 bxa4 40.
bxa4 Ke5 41. Ke3 Kd5 42. c4+ Kxc4 43. Kxe4 Kb4 44. Kd4 Kxa4 45. Kc4 Ka3 46. Kc3
a4 47. Kc2 Kb4 48. Kb2 Kc4 49. Ka3 Kd3 50. Kxa4 Ke3 51. Kb4 Kf3 52. Kc4 Kg3 53.
Kd4 Kxh3 54. Ke4 Kxg4 55. Ke3 Kg3 0-1

[Event "ODJM B 2019"]
[Site "Willingen GER"]
[Date "2019.06.11"]
[Round "4"]
[White "Kovac, Linda"]
[Black "Albayrak, Berrak"]
[Result "1-0"]
[Termination "normal"]
[Board "40"]
[WhiteElo "1718"]
[BlackElo "1491"]
[PlyCount "49"]
[WhiteFideId "12938815"]
[BlackFideId "16241657"]
[EventCountry "GER"]
[EventRounds "9"]
[EventType "swiss"]
[EventDate "2019.06.08"]

1. d4 d5 2. Nf3 Nf6 3. Bf4 e6 4. e3 Nh5 5. Be5 Nd7 6. Bd3 Nxe5 7. dxe5 g6 8.
O-O Ng7 9. c4 Nf5 10. Nc3 Ne7 11. Ng5 dxc4 12. Qf3 Nf5 13. Bxc4 Qxg5 14. Ne4
Qh4 15. g3 Qh3 16. Bb5+ Ke7 17. Nf6 Bg7 18. e4 c5 19. exf5 Qxf5 20. Qe3 b6 21.
f4 Qc2 22. Qf3 Rb8 23. Qc6 Rd8 24. Qc7+ Bd7 25. Qd6# 1-0

[Event "ODJM B 2019"]
[Site "Willingen GER"]
[Date "2019.06.11"]
[Round "4"]
[White "Rohde, Ragnar"]
[Black "Garbuz, Nicole"]
[Result "1/2-1/2"]
[Termination "normal"]
[Board "41"]
[WhiteElo "1501"]
[BlackElo "1650"]
[PlyCount "49"]
[WhiteFideId "16287495"]
[BlackFideId "12990701"]
[EventCountry "GER"]
[EventRounds "9"]
[EventType "swiss"]
[EventDate "2019.06.08"]

1. e4 e5 2. Nf3 Nc6 3. d4 exd4 4. Bc4 Nf6 5. O-O Nxe4 6. Re1 d5 7. Bxd5 Qxd5 8.
Nc3 Qh5 9. Nxe4 Be6 10. Neg5 O-O-O 11. Nxe6 fxe6 12. Rxe6 Qg4 13. Qe2 h6 14.
Bd2 Bd6 15. Re1 Rhf8 16. h3 Qh5 17. Qd3 Qf7 18. Qg6 Bc5 19. Qg4 Kb8 20. a3 Bb6
21. Qg3 d3 22. c3 Na5 23. Re7 Qa2 24. Qxg7 Rg8 25. Qh7 1/2-1/2

[Event "ODJM B 2019"]
[Site "Willingen GER"]
[Date "2019.06.11"]
[Round "4"]
[White "Keck, Johannes"]
[Black "Sperling, Niclas"]
[Result "0-1"]
[Termination "normal"]
[Board "42"]
[WhiteElo "1402"]
[BlackElo "1720"]
[PlyCount "52"]
[WhiteFideId "16258746"]
[BlackFideId "16204000"]
[EventCountry "GER"]
[EventRounds "9"]
[EventType "swiss"]
[EventDate "2019.06.08"]

1. e4 c5 2. Nc3 d6 3. g3 Nc6 4. Bg2 g6 5. Nge2 Bg7 6. d3 Nf6 7. O-O O-O 8. f4
Rb8 9. h3 e6 10. g4 Ne8 11. Ng3 f5 12. exf5 exf5 13. g5 Nc7 14. Be3 Be6 15. h4
Nb4 16. Qe2 Re8 17. Qf2 Ncd5 18. a3 Nxe3 19. Rfe1 Nxg2 20. Qxg2 Bd4+ 21. Kh2
Bxc3 22. bxc3 Bd5 23. Qh3 Nxc2 24. Rxe8+ Qxe8 25. Ra2 Ne1 26. Re2 Nf3+ 0-1

[Event "ODJM B 2019"]
[Site "Willingen GER"]
[Date "2019.06.11"]
[Round "4"]
[White "Hungeling, David"]
[Black "Borgmann, Simon"]
[Result "1/2-1/2"]
[Termination "normal"]
[Board "43"]
[WhiteElo "1566"]
[BlackElo "1583"]
[PlyCount "56"]
[WhiteFideId "16222440"]
[BlackFideId "16234677"]
[EventCountry "GER"]
[EventRounds "9"]
[EventType "swiss"]
[EventDate "2019.06.08"]

1. e4 d5 2. exd5 Qxd5 3. Nc3 Qa5 4. Nf3 Nf6 5. d4 c6 6. h3 Bf5 7. Bc4 e6 8. O-O
Be7 9. Bd2 Qd8 10. Re1 Nd5 11. Nxd5 cxd5 12. Bb5+ Nc6 13. Ne5 Qc7 14. Bf4 Bd6
15. c3 O-O 16. Qf3 a6 17. Ba4 b5 18. Bd1 Rfe8 19. Qg3 Nxe5 20. dxe5 Bf8 21. h4
Kh8 22. h5 h6 23. Qh2 Qd8 24. g4 Bh7 25. Be3 Be7 26. f4 Rc8 27. Re2 Bc5 28.
Bxc5 Rxc5 1/2-1/2

[Event "ODJM B 2019"]
[Site "Willingen GER"]
[Date "2019.06.11"]
[Round "4"]
[White "Heß, Wadim"]
[Black "Aumüller, Naum"]
[Result "0-1"]
[Termination "normal"]
[Board "44"]
[WhiteElo "1360"]
[BlackElo "1685"]
[PlyCount "119"]
[WhiteFideId "16266129"]
[BlackFideId "16263960"]
[EventCountry "GER"]
[EventRounds "9"]
[EventType "swiss"]
[EventDate "2019.06.08"]

1. e4 e5 2. Nf3 Nc6 3. d4 exd4 4. Bc4 Nf6 5. e5 d5 6. Bb5 Ne4 7. Nxd4 Bd7 8.
Bxc6 bxc6 9. O-O Be7 10. Nd2 Nxd2 11. Bxd2 Rb8 12. Rb1 O-O 13. Re1 c5 14. Nb3
Re8 15. Qh5 Qc8 16. h3 Rb6 17. c3 Bf5 18. Ra1 c4 19. Nd4 Bg6 20. Qg4 Qxg4 21.
hxg4 Rxb2 22. Bc1 Rb6 23. f4 Bd3 24. f5 c5 25. Nf3 d4 26. Bd2 Kf8 27. Kh2 dxc3
28. Bxc3 Reb8 29. f6 gxf6 30. exf6 Bxf6 31. Bxf6 Rxf6 32. Ne5 Rd6 33. Rad1 Rbd8
34. Re3 f6 35. Nxd3 cxd3 36. Re4 Rd4 37. Re6 Kf7 38. Rc6 c4 39. Kg3 d2 40. Kf2
Re8 41. g3 Kg6 42. Rc5 Re5 43. Rc8 Re7 44. Rc5 Ree4 45. Rc8 Rxg4 46. Rg8+ Kf5
47. Rxg4 Kxg4 48. Ke2 c3 49. Rh1 c2 50. Rh4+ Kxg3 51. Rxd4 d1=Q+ 52. Rxd1
cxd1=Q+ 53. Kxd1 h5 54. Ke2 Kg2 55. Kd3 h4 56. Kc4 h3 57. Kb5 h2 58. a4 h1=Q
59. Ka6 Qg1 60. a5 0-1

[Event "ODJM B 2019"]
[Site "Willingen GER"]
[Date "2019.06.11"]
[Round "4"]
[White "Rempe, Janne"]
[Black "Panjer, Sidney"]
[Result "1-0"]
[Termination "normal"]
[Board "45"]
[WhiteElo "1720"]
[BlackElo "1490"]
[PlyCount "69"]
[WhiteFideId "16202392"]
[BlackFideId "16207041"]
[EventCountry "GER"]
[EventRounds "9"]
[EventType "swiss"]
[EventDate "2019.06.08"]

1. d4 d5 2. Nf3 Nf6 3. Bf4 Bf5 4. e3 e6 5. c3 Nbd7 6. Nbd2 Be7 7. h3 h5 8. Be2
c6 9. O-O Ne4 10. Ne5 g5 11. Bxh5 Nxe5 12. Bxe5 Rh7 13. Nxe4 Bxe4 14. f4 Qb6
15. b3 O-O-O 16. a4 f6 17. a5 Qa6 18. Be2 b5 19. axb6 Qxb6 20. Ra6 Qb7 21. Qa1
fxe5 22. Rxa7 Qxb3 23. Qa6+ Kb8 24. Qxc6 Kxa7 25. Ra1+ Ba3 26. Qa6+ Kb8 27.
Rxa3 Qb1+ 28. Bf1 Qb7 29. Qa4 Kc7 30. fxe5 Rg8 31. Rb3 Qa8 32. Qb4 Rd8 33. Qc5+
Qc6 34. Qa7+ Kc8 35. Rb8# 1-0

[Event "ODJM B 2019"]
[Site "Willingen GER"]
[Date "2019.06.11"]
[Round "4"]
[White "Peglau, Sarah"]
[Black "Lohrmann, Linus"]
[Result "1-0"]
[Termination "normal"]
[Board "46"]
[WhiteElo "1471"]
[BlackElo "1366"]
[PlyCount "83"]
[WhiteFideId "16219961"]
[BlackFideId "12982857"]
[EventCountry "GER"]
[EventRounds "9"]
[EventType "swiss"]
[EventDate "2019.06.08"]

1. d4 d5 2. c4 e6 3. Nc3 Nf6 4. Bg5 Be7 5. Nf3 h6 6. Bh4 Nc6 7. e3 b6 8. Rc1 a6
9. cxd5 exd5 10. Bd3 b5 11. Nxb5 axb5 12. Bxb5 O-O 13. Bxc6 Rxa2 14. Qb3 Ra6
15. Bxf6 Bxf6 16. Qxd5 Qe7 17. O-O Be6 18. Qc5 Qd8 19. Rc2 Be7 20. Qc3 Rb6 21.
Be4 Bd6 22. Ra1 Qd7 23. Nd2 Rc8 24. Nc4 Rb4 25. d5 Bg4 26. f3 Bh5 27. Ra6 Bc5
28. Rc6 Rb5 29. Ne5 Qe7 30. Rxc5 Rxc5 31. Qxc5 Qxe5 32. d6 Qe6 33. Bf5 Qe8 34.
d7 Qd8 35. dxc8=Q Qxc8 36. Bxc8 Bg6 37. Rd2 Kh7 38. Rd8 f6 39. Qf8 Bb1 40. Rd7
Kg6 41. Qxg7+ Kh5 42. Qg4# 1-0

[Event "ODJM B 2019"]
[Site "Willingen GER"]
[Date "2019.06.11"]
[Round "4"]
[White "Rempe, Mieke"]
[Black "Winterberg, Johanna"]
[Result "0-1"]
[Termination "normal"]
[Board "47"]
[WhiteElo "1469"]
[BlackElo "1742"]
[PlyCount "38"]
[WhiteFideId "16202384"]
[BlackFideId "12929344"]
[EventCountry "GER"]
[EventRounds "9"]
[EventType "swiss"]
[EventDate "2019.06.08"]

1. e4 c5 2. Nf3 Nc6 3. d4 cxd4 4. Nxd4 g6 5. Nxc6 bxc6 6. Bc4 Bg7 7. Nc3 Qa5 8.
Bd2 Qb4 9. Bxf7+ Kxf7 10. Qf3+ Ke8 11. Nd5 Qd6 12. Bf4 e5 13. O-O-O cxd5 14.
Rxd5 Qe6 15. Qc3 Ne7 16. Bxe5 Nxd5 17. exd5 Bxe5 18. Qe3 Qf6 19. Re1 Kf7 0-1

[Event "ODJM B 2019"]
[Site "Willingen GER"]
[Date "2019.06.11"]
[Round "4"]
[White "Kung, Fanny"]
[Black "Unbehend, Marius"]
[Result "0-1"]
[Termination "normal"]
[Board "48"]
[WhiteElo "1510"]
[BlackElo "1395"]
[PlyCount "56"]
[WhiteFideId "12987689"]
[BlackFideId "16214420"]
[EventCountry "GER"]
[EventRounds "9"]
[EventType "swiss"]
[EventDate "2019.06.08"]

1. e4 e6 2. d4 d5 3. exd5 exd5 4. Nf3 Bd6 5. Bd3 Ne7 6. O-O Nbc6 7. c3 Bg4 8.
Bg5 f6 9. Be3 Qd7 10. Nbd2 g5 11. Qc2 O-O-O 12. Rfe1 h5 13. h4 Bxf3 14. Nxf3 g4
15. Nh2 g3 16. fxg3 Bxg3 17. Bf2 Rhg8 18. Re3 Bd6 19. g3 Qh3 20. Nf1 Qxh4 21.
Bf5+ Nxf5 22. Qxf5+ Kb8 23. Rae1 Qg5 24. Qf3 Bxg3 25. Qxg3 Qf5 26. Qxg8 Rxg8+
27. Ng3 Qd7 28. Kh2 b6 0-1

[Event "ODJM B 2019"]
[Site "Willingen GER"]
[Date "2019.06.11"]
[Round "4"]
[White "Fricke, Janek Konrad"]
[Black "Mainka, Ingmar"]
[Result "1-0"]
[Termination "normal"]
[Board "49"]
[WhiteElo "1561"]
[BlackElo "1209"]
[PlyCount "80"]
[WhiteFideId "12997471"]
[BlackFideId "16254937"]
[EventCountry "GER"]
[EventRounds "9"]
[EventType "swiss"]
[EventDate "2019.06.08"]

1. e4 c5 2. d4 cxd4 3. c3 dxc3 4. Nxc3 Nc6 5. Bc4 Nf6 6. Nf3 e6 7. O-O Bb4 8.
Qe2 d6 9. Rd1 Qc7 10. Nb5 Qe7 11. a3 Ba5 12. Nxd6+ Kf8 13. Ng5 Ne5 14. Bf4 Nfd7
15. Qh5 h6 16. Bb5 Nf6 17. Qh3 Ng6 18. Ngxf7 Nxf4 19. Qf3 Ng6 20. Nxh8 Nxh8 21.
e5 Ng6 22. exf6 Qxf6 23. Qxf6+ gxf6 24. Rac1 a6 25. Bd3 Ne7 26. Be4 Rb8 27. b4
Bb6 28. a4 e5 29. a5 Bd4 30. Nxc8 Nxc8 31. Rc7 Nd6 32. Bd5 b6 33. Rh7 Rd8 34.
axb6 Bxb6 35. Rxh6 Ne4 36. Rh8+ Ke7 37. Rxd8 Nxf2 38. Rb8 Nxd1+ 39. Rxb6 Nc3
40. Bc4 e4 1-0

[Event "ODJM B 2019"]
[Site "Willingen GER"]
[Date "2019.06.11"]
[Round "4"]
[White "Schilay, Maria"]
[Black "Schwenke, Mia"]
[Result "1-0"]
[Termination "normal"]
[Board "50"]
[WhiteElo "1415"]
[BlackElo "1136"]
[PlyCount "65"]
[WhiteFideId "12942979"]
[BlackFideId "16263332"]
[EventCountry "GER"]
[EventRounds "9"]
[EventType "swiss"]
[EventDate "2019.06.08"]

1. e4 c5 2. Nc3 Nc6 3. g3 g6 4. Bg2 Bg7 5. d3 e6 6. Be3 d6 7. Qd2 Nge7 8. Nge2
O-O 9. Bh6 Rb8 10. h4 b5 11. Bxg7 Kxg7 12. h5 Rh8 13. O-O-O Qa5 14. Rh2 b4 15.
Nb1 Qxa2 16. Qf4 e5 17. h6+ Kf8 18. Qf6 Rg8 19. f4 exf4 20. Rf1 Ke8 21. Rxf4 a5
22. e5 d5 23. Qxf7+ Kd8 24. Rf6 Nd4 25. Rd6+ Bd7 26. Nxd4 cxd4 27. Bxd5 Qa1 28.
e6 Qa4 29. Rxd7+ Kc8 30. Qxe7 Rb6 31. Qc5+ Kb8 32. Qxb6+ Kc8 33. Qc7# 1-0

[Event "ODJM B 2019"]
[Site "Willingen GER"]
[Date "2019.06.11"]
[Round "4"]
[White "Raasch, Hauke"]
[Black "Leithoff, Hans-Georg"]
[Result "1-0"]
[Termination "normal"]
[Board "51"]
[WhiteElo "1614"]
[BlackElo "1527"]
[PlyCount "27"]
[WhiteFideId "16210034"]
[BlackFideId "16223918"]
[EventCountry "GER"]
[EventRounds "9"]
[EventType "swiss"]
[EventDate "2019.06.08"]

1. d4 Nf6 2. Bf4 g6 3. Nf3 Bg7 4. e3 d6 5. c3 O-O 6. Be2 Na6 7. O-O Re8 8. Bg3
Bf5 9. Qa4 Nb8 10. Qb3 Qc8 11. Nbd2 Nbd7 12. h3 Nh5 13. Bh2 e5 14. g4 1-0

[Event "ODJM B 2019"]
[Site "Willingen GER"]
[Date "2019.06.11"]
[Round "4"]
[White "Paqarizi, Endrit"]
[Black "Esefelder, Richard"]
[Result "0-1"]
[Termination "normal"]
[Board "52"]
[WhiteElo "1414"]
[BlackElo "1627"]
[PlyCount "64"]
[WhiteFideId "16235827"]
[BlackFideId "16287487"]
[EventCountry "GER"]
[EventRounds "9"]
[EventType "swiss"]
[EventDate "2019.06.08"]

1. d4 f5 2. Nc3 Nf6 3. Bf4 e6 4. e3 Be7 5. Nf3 O-O 6. Bd3 d6 7. Qe2 Nc6 8. a3
Qe8 9. O-O-O a6 10. h3 b5 11. Na2 Bd7 12. g4 Nd5 13. Bg3 f4 14. Bh2 Qf7 15. e4
Nb6 16. e5 d5 17. c3 Nc4 18. Qc2 g6 19. g5 a5 20. h4 b4 21. h5 b3 22. hxg6 Qg7
23. gxh7+ Kh8 24. Qb1 bxa2 25. Qxa2 Nb6 26. Nh4 Be8 27. Rdg1 Bh5 28. Qb1 f3 29.
Ng6+ Bxg6 30. Bxg6 Nc4 31. Kd1 Rab8 32. Qd3 Nxb2+ 0-1

[Event "ODJM B 2019"]
[Site "Willingen GER"]
[Date "2019.06.11"]
[Round "4"]
[White "von Jan, Lena"]
[Black "Pham, Anh Tuan"]
[Result "1-0"]
[Termination "normal"]
[Board "53"]
[WhiteElo "1512"]
[BlackElo "1300"]
[PlyCount "49"]
[WhiteFideId "12946060"]
[BlackFideId "16245229"]
[EventCountry "GER"]
[EventRounds "9"]
[EventType "swiss"]
[EventDate "2019.06.08"]

1. e4 e5 2. Nf3 Nc6 3. Bb5 d6 4. d4 Bd7 5. c3 a6 6. Ba4 b5 7. Bc2 h6 8. h3 Nf6
9. Nbd2 exd4 10. cxd4 Nb4 11. Nf1 d5 12. exd5 Nfxd5 13. Qe2+ Be6 14. Bb3 c5 15.
dxc5 Bxc5 16. Ng3 O-O 17. O-O Re8 18. Qd1 a5 19. a3 Nc6 20. Qd3 Nf4 21. Qxb5
Bxb3 22. Qxc5 Bd5 23. Qc3 Ne6 24. Be3 Rb8 25. Rac1 1-0

[Event "ODJM B 2019"]
[Site "Willingen GER"]
[Date "2019.06.11"]
[Round "4"]
[White "Hierl, Johannes"]
[Black "Fricke, Edna Marlene"]
[Result "1-0"]
[Termination "normal"]
[Board "54"]
[WhiteElo "1327"]
[BlackElo "1350"]
[PlyCount "127"]
[WhiteFideId "16235096"]
[BlackFideId "12988839"]
[EventCountry "GER"]
[EventRounds "9"]
[EventType "swiss"]
[EventDate "2019.06.08"]

1. d4 d5 2. Bf4 e6 3. e3 Nf6 4. c3 c5 5. Nd2 Bd7 6. Ngf3 Nc6 7. Bd3 h6 8. O-O
Nh5 9. Bg3 Nxg3 10. hxg3 g5 11. Ne5 Nxe5 12. dxe5 h5 13. f4 g4 14. Kf2 c4 15.
Bc2 Qb6 16. Rb1 Bc5 17. Qe2 Bb5 18. Rfe1 O-O-O 19. Nf1 Rhf8 20. Qd1 d4 21. cxd4
Bxd4 22. Qc1 Bc5 23. b4 cxb3 24. Bxb3 Qc6 25. Qb2 Qe4 26. Bxe6+ fxe6 27. Qxb5
Bb6 28. Rbc1+ Kb8 29. Qc4 Qxe5 30. Ke2 Qd5 31. Qxd5 Rxd5 32. Red1 Rfd8 33. Rxd5
Rxd5 34. Nd2 Rb5 35. Rc2 Ba5 36. Nc4 Rc5 37. Kd3 Bc7 38. Na3 Rxc2 39. Nxc2 Kc8
40. Ke4 Kd7 41. Nd4 Ke7 42. Nb5 Bb8 43. Kd3 Kf6 44. e4 a6 45. e5+ Ke7 46. Nc3
b6 47. Ne4 Kf7 48. Nf6 Kg6 49. Kd4 Bc7 50. Ne8 Bb8 51. Nd6 Bc7 52. Ke4 Bd8 53.
f5+ exf5+ 54. Nxf5 b5 55. Nd6 Bb6 56. Kd5 Bf2 57. Ne4 Be1 58. e6 Bb4 59. Nd6
Kf6 60. Ne8+ Kg5 61. Kc6 Be7 62. Nc7 Kf6 63. Kd7 a5 64. Nd5+ 1-0

[Event "ODJM B 2019"]
[Site "Willingen GER"]
[Date "2019.06.11"]
[Round "4"]
[White "Brunauer, Simon"]
[Black "Borriss, Benjamin"]
[Result "0-1"]
[Termination "normal"]
[Board "55"]
[WhiteElo "1607"]
[BlackElo "1475"]
[PlyCount "78"]
[WhiteFideId "16279077"]
[BlackFideId "16266099"]
[EventCountry "GER"]
[EventRounds "9"]
[EventType "swiss"]
[EventDate "2019.06.08"]

1. c4 Nf6 2. Nc3 e6 3. d4 d5 4. Nf3 Be7 5. b3 O-O 6. Bb2 b6 7. e3 Bb7 8. Bd3 c5
9. Qc2 Nc6 10. O-O-O Nb4 11. Qd2 Nxd3+ 12. Qxd3 cxd4 13. Nxd4 dxc4 14. Qxc4 Rc8
15. Qd3 Bb4 16. Nc2 Bxc3 17. Qxc3 Rxc3 18. Rxd8 Rxc2+ 19. Kxc2 Rxd8 20. Kb1
Bxg2 21. Rc1 Be4+ 22. Ka1 h5 23. a4 Rd2 24. Bxf6 gxf6 25. Rc7 Rxf2 26. Rxa7
Rxh2 27. Ra6 h4 28. Rxb6 h3 29. Rd6 Rg2 30. Rd1 h2 31. a5 Rg1 32. Rxg1+ hxg1=Q+
33. Ka2 Qxe3 34. b4 Bc2 35. Kb2 Qb3+ 36. Kc1 Qc3 37. a6 Bb3+ 38. Kb1 Qc2+ 39.
Ka1 Qa2# 0-1

[Event "ODJM B 2019"]
[Site "Willingen GER"]
[Date "2019.06.11"]
[Round "4"]
[White "Ostra, Noah"]
[Black "Senechal, Niklas Bennett"]
[Result "0-1"]
[Termination "normal"]
[Board "56"]
[WhiteElo "1773"]
[BlackElo "1470"]
[PlyCount "76"]
[WhiteFideId "16228979"]
[BlackFideId "16231180"]
[EventCountry "GER"]
[EventRounds "9"]
[EventType "swiss"]
[EventDate "2019.06.08"]

1. e4 c6 2. d4 d5 3. e5 e6 4. Bd3 c5 5. c3 Nc6 6. Nf3 cxd4 7. cxd4 Bd7 8. O-O
Nge7 9. Nc3 Nb4 10. Bb1 a6 11. a3 Nbc6 12. Ng5 h6 13. Nh3 Qb6 14. Ne2 Na5 15.
f4 Nb3 16. Ra2 Nxc1 17. Qxc1 Bb5 18. b4 Bxe2 19. Rxe2 Qxd4+ 20. Kh1 Rc8 21. Bc2
b5 22. Qb1 g6 23. Rc1 Bg7 24. Bd1 O-O 25. Rec2 Qb6 26. Nf2 Rfd8 27. Nd3 Rc4 28.
g3 Rdc8 29. Nc5 Nf5 30. Be2 Rxc2 31. Rxc2 Nd4 32. Rd2 Nxe2 33. Rxe2 Bf8 34. Nd7
Qc6 35. Nxf8 Kxf8 36. Re1 Qc3 37. Qa1 Qf3+ 38. Kg1 Rc2 0-1

[Event "ODJM B 2019"]
[Site "Willingen GER"]
[Date "2019.06.11"]
[Round "4"]
[White "Kessen, Fanny"]
[Black "Hoffmann, Alexander"]
[Result "0-1"]
[Termination "normal"]
[Board "57"]
[WhiteElo "1232"]
[BlackElo "1631"]
[PlyCount "72"]
[WhiteFideId "16217357"]
[BlackFideId "16240219"]
[EventCountry "GER"]
[EventRounds "9"]
[EventType "swiss"]
[EventDate "2019.06.08"]

1. e4 e5 2. Nf3 Nc6 3. Bc4 Bc5 4. d3 Nf6 5. c3 O-O 6. Bb3 Bb6 7. O-O d6 8. Re1
h6 9. Nbd2 a6 10. Nf1 Re8 11. h3 Be6 12. Bc2 d5 13. exd5 Bxd5 14. Ng3 Qd7 15.
Nh4 Rad8 16. Ngf5 Kh8 17. c4 Be6 18. Qf3 Nh7 19. a3 g5 20. Nxh6 gxh4 21. Bg5
Nd4 22. Bf6+ Nxf6 23. Qxf6+ Kh7 24. Rxe5 Qe7 25. Ng4 Qxf6 26. Nxf6+ Kg6 27.
Nxe8 Nxc2 28. Rc1 Nd4 29. Nxc7 Bxc7 30. Re4 Bf5 31. Rxh4 Ne2+ 32. Kf1 Nxc1 33.
d4 Re8 34. f3 Kg5 35. g3 Bxg3 36. Rg4+ Bxg4 0-1